Statistics for North Carolina groups of three

Click here to take the quiz!

General Stats

  • This quiz has been taken 307 times
    (193 since last reset)
  • The average score is 13 of 15

Answer Stats

HintAnswer% Correct
Three Cities in the TriangleRaleigh
99%
Durham
96%
Duke
94%
Three Most Prominent UniversitiesUNC
92%
Chapel-hill
89%
NC State
88%
South Carolina
87%
Virginia
86%
Three Longest Land BordersTennessee
84%
Three Cities in the TriadGreensboro
80%
Winston Salem
79%
Three main regionsPiedmont
77%
Mountains
71%
High Point
68%
Coastal Plain
67%

Score Distribution

Percentile by Number Answered

Percent of People with Each Score

Your Score History

You have not taken this quiz since the last reset